Účinnosť molekulového dokovania pri predikcii väzbovej afinity inhibítorov hlavnej proteázy SARS-CoV-2

Salvato in:
Dettagli Bibliografici
Autore principale: Baníková, Veronika (Autore)
Altri autori: Štekláč, Marek (Relatore della tesi)
Natura: Manoscritto Libro
Lingua:slovacco
Pubblicazione: 2025
Soggetti:
Accesso online:http://is.stuba.sk/zp/portal_zp.pl?podrobnosti=168802
Tags: Aggiungi Tag
Nessun Tag, puoi essere il primo ad aggiungerne!!

MARC

LEADER 00000ntm a22000003a 4500
001 stuzp104930
003 SK-STU
005 20250628212146.1
007 ta
008 150427s2015----xo-----f-mn---000-0-slo-d
040 |a STU  |b slo 
041 0 |a slo 
100 1 |a Baníková, Veronika  |u 045280  |4 aut  |U FCHPT Ústav fyzikálnej chémie a chemickej fyziky  |T FCHPT Oddelenie chemickej fyziky  |X 116062  |U C5280  |Y 118  |7 116062 
242 0 1 |a Efficiency of molecular docking in predicting the binding affinity of SARS-CoV-2 main protease inhibitors  |y eng 
245 1 0 |a Účinnosť molekulového dokovania pri predikcii väzbovej afinity inhibítorov hlavnej proteázy SARS-CoV-2 
260 |c 2025 
650 4 |a molekulové dokovanie  |2 slo 
650 4 |a skórovacia sila  |2 slo 
650 4 |a SARS-CoV-2  |2 slo 
650 4 |a IC50  |2 slo 
650 4 |a scoring power  |2 eng 
650 4 |a molecular docking  |2 eng 
650 4 |a SARS-CoV-2  |2 eng 
650 4 |a IC50  |2 eng 
700 1 |a Štekláč, Marek  |u 045280  |k Z1  |4 ths  |U FCHPT Ústav fyzikálnej chémie a chemickej fyziky  |T FCHPT Oddelenie chemickej fyziky  |X 65172  |U C5280  |Y 118  |7 65172 
856 4 |u http://is.stuba.sk/zp/portal_zp.pl?podrobnosti=168802